Statistics for Most Common Last Names in the UK

Click here to take the quiz!

General Stats

  • This quiz has been taken 46,022 times
    (45,959 since last reset)
  • The average score is 13 of 62

Answer Stats

England % Correct
Smith
92%
Smyth
92%
Jones
72%
Johnston
57%
Johnson
57%
Williams
54%
Brown
51%
White
43%
MacDonald
38%
James
35%
Davies
33%
Jackson
33%
Green
31%
Thomas
28%
Roberts
27%
Taylor
25%
Wilson
25%
Thomson
25%
Thompson
25%
Anderson
21%
Evans
20%
Clarke
18%
Clark
18%
Lewis
17%
Edwards
17%
Scott
15%
Robinson
15%
Martin
14%
Campbell
13%
Watson
13%
Stewart
13%
Phillips
13%
Walker
13%
Wood
12%
Hall
12%
O'Neill
12%
Murphy
12%
Wright
12%
Robertson
12%
Hughes
11%
Moore
11%
Owen
11%
Murray
10%
Young
10%
Kelly
9%
Morgan
8%
Mitchell
8%
Jenkins
8%
Morrison
7%
Reid
7%
Griffiths
7%
Graham
7%
Ross
6%
Hamilton
6%
Price
6%
Paterson
5%
Doherty
5%
Quinn
4%
Rees
4%
McLaughlin
3%
Moss
3%
Driscoll
3%

Score Distribution

Percentile by Number Answered

Percent of People with Each Score

Your Score History

You have not taken this quiz since the last reset